Meatball sundae : how new marketing is transforming the business world (and how to trive in it)

Bibliographic Details
Main Author: Godin, Seth (Author)
Format: Book
Language:English
Published: London : Piatkus Books 2008
Subjects:

MARC

LEADER 00000cam a2200000 7i4500
001 0000030808
005 20240910.0
008 240415 enk eng
020 |a 9780749928315 (hardback) 
040 |a INS   |b eng   |e rda 
090 0 0 |a HF5415.13   |b .G63 2008 
100 1 |a Godin, Seth ,   |e author 
245 1 0 |a Meatball sundae :   |b how new marketing is transforming the business world (and how to trive in it)   |c Seth Godin 
264 1 |a London :   |b Piatkus Books   |c 2008 
264 4 |c ©2007 
300 |a xxiii, 232 pages ;   |c 21 cm. 
336 |a text  |2 rdacontent 
337 |a unmediated  |2 rdamedia 
338 |a volume  |2 rdacarrier 
650 0 |a Marketing   |x Management 
650 0 |a Marketing   |x Social aspects 
650 0 |a Product differentiation 
650 0 |a Target marketing 
999 |a 0000025088   |b BOOK   |c Open Shelf   |e Default branch